000 00318nam a22001337a 4500
008 170608b xxu||||| |||| 00| 0 eng d
020 _a9789280810943
041 _aeng
080 _a94(6)
100 _a18
101 _aSHH
245 _aBROADENING ASIA'S SECURITY DISCOURSE AND AGENDA
_cTHAKUR, R
942 _2udc
_cBK
999 _c16393
_d16393